[Event "DEM U12w 2025"]
[Site "Willingen GER"]
[Date "2025.06.10"]
[Round "4"]
[White "Nönnig, Lotte"]
[Black "Alnajjar, Sara"]
[Result "0-1"]
[Termination "normal"]
[Board "8"]
[WhiteElo "1735"]
[BlackElo "1565"]
[WhiteClock "00:13:39"]
[BlackClock "00:35:01"]
[PlyCount "126"]
[WhiteFideId "34611509"]
[BlackFideId "34668659"]
[EventCountry "GER"]
[EventRounds "9"]
[EventType "swiss"]
[EventDate "2025.06.07"]

1. e4 {[%clk 01:30:55]} {[%emt 00:00:04]} d6 {[%clk 01:30:49]} {[%emt
00:00:11]} 2. d4 {[%clk 01:31:04]} {[%emt 00:00:20]} Nf6 {[%clk 01:31:14]}
{[%emt 00:00:07]} 3. Nc3 {[%clk 01:31:11]} {[%emt 00:00:22]} e5 {[%clk
01:31:38]} {[%emt 00:00:07]} 4. Nf3 {[%clk 01:31:11]} {[%emt 00:00:30]} exd4
{[%clk 01:31:59]} {[%emt 00:00:09]} 5. Nxd4 {[%clk 01:31:30]} {[%emt 00:00:11]}
Be7 {[%clk 01:32:19]} {[%emt 00:00:10]} 6. Bf4 {[%clk 01:31:31]} {[%emt
00:00:28]} O-O {[%clk 01:32:31]} {[%emt 00:00:17]} 7. Qd2 {[%clk 01:31:14]}
{[%emt 00:00:48]} Nbd7 {[%clk 01:32:02]} {[%emt 00:01:00]} 8. O-O-O {[%clk
01:30:41]} {[%emt 00:01:03]} a6 {[%clk 01:29:41]} {[%emt 00:02:51]} 9. Kb1
{[%clk 01:30:04]} {[%emt 00:01:07]} Ne5 {[%clk 01:28:52]} {[%emt 00:01:19]} 10.
h4 {[%clk 01:25:53]} {[%emt 00:04:39]} b5 {[%clk 01:15:18]} {[%emt 00:14:06]}
11. f3 {[%clk 01:24:02]} {[%emt 00:02:21]} h5 {[%clk 01:13:59]} {[%emt
00:01:48]} 12. Be2 {[%clk 01:19:01]} {[%emt 00:05:32]} g6 {[%clk 01:07:49]}
{[%emt 00:06:40]} 13. Rdg1 {[%clk 01:07:04]} {[%emt 00:12:23]} Re8 {[%clk
00:56:25]} {[%emt 00:11:58]} 14. g4 {[%clk 00:54:14]} {[%emt 00:13:19]} hxg4
{[%clk 00:56:42]} {[%emt 00:00:13]} 15. h5 {[%clk 00:52:13]} {[%emt 00:02:30]}
Nxh5 {[%clk 00:54:14]} {[%emt 00:02:59]} 16. fxg4 {[%clk 00:51:48]} {[%emt
00:00:56]} Nxf4 {[%clk 00:53:20]} {[%emt 00:01:24]} 17. Qxf4 {[%clk 00:51:27]}
{[%emt 00:00:49]} Bg5 {[%clk 00:50:08]} {[%emt 00:03:42]} 18. Qh2 {[%clk
00:51:14]} {[%emt 00:00:40]} Bf6 {[%clk 00:49:49]} {[%emt 00:00:53]} 19. Rg3
{[%clk 00:46:07]} {[%emt 00:05:37]} Kf8 {[%clk 00:46:04]} {[%emt 00:04:16]} 20.
Rh3 {[%clk 00:40:30]} {[%emt 00:06:05]} c6 {[%clk 00:43:55]} {[%emt 00:02:40]}
21. Qf4 {[%clk 00:35:08]} {[%emt 00:05:48]} Ra7 {[%clk 00:34:46]} {[%emt
00:09:43]} 22. Rh7 {[%clk 00:24:40]} {[%emt 00:10:58]} g5 {[%clk 00:30:46]}
{[%emt 00:04:29]} 23. Qf2 {[%clk 00:22:55]} {[%emt 00:02:13]} Rb7 {[%clk
00:25:07]} {[%emt 00:06:13]} 24. Rf1 {[%clk 00:20:56]} {[%emt 00:02:26]} Bg7
{[%clk 00:24:31]} {[%emt 00:01:08]} 25. Nf5 {[%clk 00:19:12]} {[%emt 00:02:14]}
Bxf5 {[%clk 00:22:41]} {[%emt 00:02:20]} 26. gxf5 {[%clk 00:18:55]} {[%emt
00:00:47]} Bf6 {[%clk 00:22:16]} {[%emt 00:00:56]} 27. Qh2 {[%clk 00:17:53]}
{[%emt 00:01:29]} Ke7 {[%clk 00:22:24]} {[%emt 00:00:25]} 28. Rg1 {[%clk
00:14:12]} {[%emt 00:04:10]} Kd7 {[%clk 00:22:44]} {[%emt 00:00:10]} 29. Qg3
{[%clk 00:12:53]} {[%emt 00:01:48]} Kc8 {[%clk 00:22:59]} {[%emt 00:00:15]} 30.
Rh2 {[%clk 00:12:40]} {[%emt 00:00:43]} Kb8 {[%clk 00:23:07]} {[%emt 00:00:23]}
31. Nd1 {[%clk 00:12:08]} {[%emt 00:01:02]} Ka8 {[%clk 00:22:59]} {[%emt
00:00:39]} 32. Ne3 {[%clk 00:11:47]} {[%emt 00:00:49]} Qc7 {[%clk 00:22:15]}
{[%emt 00:01:15]} 33. Rd1 {[%clk 00:11:02]} {[%emt 00:01:14]} Qe7 {[%clk
00:22:06]} {[%emt 00:00:40]} 34. Rhh1 {[%clk 00:08:43]} {[%emt 00:02:47]} Reb8
{[%clk 00:19:47]} {[%emt 00:02:50]} 35. Ng4 {[%clk 00:08:14]} {[%emt 00:00:59]}
Nc4 {[%clk 00:19:41]} {[%emt 00:00:37]} 36. Nxf6 {[%clk 00:08:04]} {[%emt
00:00:40]} Qxf6 {[%clk 00:20:05]} {[%emt 00:00:06]} 37. Qb3 {[%clk 00:06:03]}
{[%emt 00:02:30]} Qe5 {[%clk 00:18:12]} {[%emt 00:02:24]} 38. Bf3 {[%clk
00:04:54]} {[%emt 00:01:39]} g4 {[%clk 00:17:41]} {[%emt 00:01:01]} 39. Bg2
{[%clk 00:04:06]} {[%emt 00:01:14]} Qf4 {[%clk 00:17:32]} {[%emt 00:00:43]} 40.
Rhf1 {[%clk 00:03:21]} {[%emt 00:01:15]} Nd2+ {[%clk 00:17:49]} {[%emt
00:00:13]} 41. Rxd2 {[%clk 00:03:19]} {[%emt 00:00:32]} Qxd2 {[%clk 00:18:13]}
{[%emt 00:00:06]} 42. Qg3 {[%clk 00:03:02]} {[%emt 00:00:46]} Rg8 {[%clk
00:16:34]} {[%emt 00:02:09]} 43. e5 {[%clk 00:30:21]} {[%emt 00:03:11]} d5
{[%clk 00:45:51]} {[%emt 00:01:14]} 44. e6 {[%clk 00:28:46]} {[%emt 00:02:04]}
fxe6 {[%clk 00:45:55]} {[%emt 00:00:27]} 45. fxe6 {[%clk 00:29:05]} {[%emt
00:00:10]} Re8 {[%clk 00:44:45]} {[%emt 00:01:41]} 46. Re1 {[%clk 00:28:00]}
{[%emt 00:01:34]} Rbe7 {[%clk 00:44:36]} {[%emt 00:00:40]} 47. a3 {[%clk
00:25:26]} {[%emt 00:03:04]} Rxe6 {[%clk 00:44:43]} {[%emt 00:00:24]} 48. Rxe6
{[%clk 00:25:30]} {[%emt 00:00:25]} Rxe6 {[%clk 00:45:08]} {[%emt 00:00:05]}
49. Qxg4 {[%clk 00:25:23]} {[%emt 00:00:37]} Qe1+ {[%clk 00:42:46]} {[%emt
00:02:52]} 50. Ka2 {[%clk 00:25:44]} {[%emt 00:00:09]} Qe2 {[%clk 00:42:31]}
{[%emt 00:00:45]} 51. Bf3 {[%clk 00:24:21]} {[%emt 00:01:53]} Qc4+ {[%clk
00:42:49]} {[%emt 00:00:12]} 52. Qxc4 {[%clk 00:24:29]} {[%emt 00:00:22]} dxc4
{[%clk 00:43:06]} {[%emt 00:00:13]} 53. Bg4 {[%clk 00:23:59]} {[%emt 00:00:59]}
Re3 {[%clk 00:42:34]} {[%emt 00:01:03]} 54. Bd7 {[%clk 00:23:09]} {[%emt
00:01:19]} Kb7 {[%clk 00:42:54]} {[%emt 00:00:10]} 55. Bf5 {[%clk 00:22:23]}
{[%emt 00:01:06]} c3 {[%clk 00:42:23]} {[%emt 00:01:12]} 56. b3 {[%clk
00:20:15]} {[%emt 00:02:37]} a5 {[%clk 00:40:52]} {[%emt 00:02:02]} 57. Bd3
{[%clk 00:19:02]} {[%emt 00:01:42]} Kb6 {[%clk 00:40:37]} {[%emt 00:00:45]} 58.
a4 {[%clk 00:16:38]} {[%emt 00:02:55]} Rxd3 {[%clk 00:34:17]} {[%emt 00:06:50]}
59. cxd3 {[%clk 00:16:27]} {[%emt 00:00:41]} Kc5 {[%clk 00:34:40]} {[%emt
00:00:08]} 60. Kb1 {[%clk 00:14:07]} {[%emt 00:02:49]} b4 {[%clk 00:34:23]}
{[%emt 00:00:47]} 61. Kc2 {[%clk 00:14:18]} {[%emt 00:00:19]} Kd4 {[%clk
00:34:39]} {[%emt 00:00:15]} 62. Kc1 {[%clk 00:13:36]} {[%emt 00:01:11]} Kxd3
{[%clk 00:35:01]} {[%emt 00:00:07]} 63. Kd1 {[%clk 00:13:39]} {[%emt 00:00:28]}
c2+ {[%emt 00:00:24]} 0-1

[Event "DEM U12w 2025"]
[Site "Willingen GER"]
[Date "2025.06.10"]
[Round "4"]
[White "Kübart, Ela Marie"]
[Black "Huang, Flora Yueya"]
[Result "1/2-1/2"]
[Termination "normal"]
[Board "9"]
[WhiteElo "1620"]
[BlackElo "1652"]
[WhiteClock "00:16:19"]
[BlackClock "00:13:07"]
[PlyCount "59"]
[WhiteFideId "34633723"]
[BlackFideId "533015651"]
[EventCountry "GER"]
[EventRounds "9"]
[EventType "swiss"]
[EventDate "2025.06.07"]

1. d4 {[%clk 01:30:57]} {[%emt 00:00:02]} d5 {[%clk 01:30:56]} {[%emt
00:00:04]} 2. Nf3 {[%clk 01:31:22]} {[%emt 00:00:06]} e6 {[%clk 01:31:18]}
{[%emt 00:00:08]} 3. e3 {[%clk 01:31:42]} {[%emt 00:00:09]} Nf6 {[%clk
01:31:44]} {[%emt 00:00:04]} 4. Bd3 {[%clk 01:32:06]} {[%emt 00:00:06]} c5
{[%clk 01:32:00]} {[%emt 00:00:15]} 5. c3 {[%clk 01:32:29]} {[%emt 00:00:07]}
Nc6 {[%clk 01:31:58]} {[%emt 00:00:31]} 6. Nbd2 {[%clk 01:32:43]} {[%emt
00:00:16]} Bd6 {[%clk 01:32:01]} {[%emt 00:00:28]} 7. O-O {[%clk 01:32:48]}
{[%emt 00:00:24]} Bd7 {[%clk 01:32:16]} {[%emt 00:00:15]} 8. Re1 {[%clk
01:32:25]} {[%emt 00:00:54]} cxd4 {[%clk 01:30:48]} {[%emt 00:01:57]} 9. exd4
{[%clk 01:28:34]} {[%emt 00:04:21]} O-O {[%clk 01:31:10]} {[%emt 00:00:08]} 10.
Nf1 {[%clk 01:28:34]} {[%emt 00:00:30]} Qc7 {[%clk 01:31:03]} {[%emt 00:00:38]}
11. Ng3 {[%clk 01:27:17]} {[%emt 00:01:46]} h6 {[%clk 01:24:08]} {[%emt
00:07:25]} 12. Qc2 {[%clk 01:23:55]} {[%emt 00:03:51]} Rac8 {[%clk 01:24:10]}
{[%emt 00:00:29]} 13. Qe2 {[%clk 01:22:02]} {[%emt 00:02:22]} Rfe8 {[%clk
01:22:55]} {[%emt 00:01:46]} 14. Ne5 {[%clk 01:20:07]} {[%emt 00:02:24]} Rcd8
{[%clk 01:17:37]} {[%emt 00:05:49]} 15. f4 {[%clk 01:17:11]} {[%emt 00:03:26]}
a6 {[%clk 01:14:04]} {[%emt 00:04:04]} 16. Nh5 {[%clk 01:08:35]} {[%emt
00:09:04]} Be7 {[%clk 01:04:51]} {[%emt 00:09:44]} 17. Nxf6+ {[%clk 01:02:48]}
{[%emt 00:06:16]} Bxf6 {[%clk 01:04:35]} {[%emt 00:00:46]} 18. Rf1 {[%clk
01:00:08]} {[%emt 00:03:10]} g6 {[%clk 00:47:58]} {[%emt 00:17:08]} 19. Rf3
{[%clk 00:56:26]} {[%emt 00:04:12]} Bg7 {[%clk 00:46:45]} {[%emt 00:01:42]} 20.
Rh3 {[%clk 00:50:55]} {[%emt 00:06:01]} Ne7 {[%clk 00:35:30]} {[%emt 00:11:46]}
21. Qf3 {[%clk 00:46:10]} {[%emt 00:05:14]} Bc6 {[%clk 00:27:02]} {[%emt
00:08:58]} 22. g4 {[%clk 00:34:55]} {[%emt 00:11:45]} Rc8 {[%clk 00:23:12]}
{[%emt 00:04:20]} 23. Rg3 {[%clk 00:34:02]} {[%emt 00:01:23]} Red8 {[%clk
00:17:18]} {[%emt 00:06:25]} 24. h4 {[%clk 00:33:04]} {[%emt 00:01:28]} Be8
{[%clk 00:14:30]} {[%emt 00:03:18]} 25. Bd2 {[%clk 00:25:15]} {[%emt 00:08:18]}
Nc6 {[%clk 00:14:16]} {[%emt 00:00:44]} 26. Re1 {[%clk 00:22:44]} {[%emt
00:03:01]} Nxe5 {[%clk 00:14:23]} {[%emt 00:00:24]} 27. fxe5 {[%clk 00:22:27]}
{[%emt 00:00:47]} Qe7 {[%clk 00:14:13]} {[%emt 00:00:40]} 28. h5 {[%clk
00:21:26]} {[%emt 00:01:30]} g5 {[%clk 00:13:27]} {[%emt 00:01:16]} 29. Rg2
{[%clk 00:17:31]} {[%emt 00:04:25]} Rc6 {[%clk 00:13:07]} {[%emt 00:00:50]} 30.
Bc2 {[%clk 00:16:19]} {[%emt 00:01:43]} 1/2-1/2

[Event "DEM U12w 2025"]
[Site "Willingen GER"]
[Date "2025.06.10"]
[Round "4"]
[White "Suryaprakash, Smrithi"]
[Black "Naz Öksüz, Meryem"]
[Result "1-0"]
[Termination "normal"]
[Board "10"]
[WhiteElo "1731"]
[BlackElo "1393"]
[WhiteClock "01:11:52"]
[BlackClock "01:06:26"]
[PlyCount "33"]
[WhiteFideId "34637826"]
[BlackFideId "533025860"]
[EventCountry "GER"]
[EventRounds "9"]
[EventType "swiss"]
[EventDate "2025.06.07"]

1. e4 {[%clk 01:30:44]} {[%emt 00:00:16]} d5 {[%clk 01:30:52]} {[%emt
00:00:08]} 2. exd5 {[%clk 01:31:08]} {[%emt 00:00:06]} Qxd5 {[%clk 01:31:18]}
{[%emt 00:00:04]} 3. Nc3 {[%clk 01:31:32]} {[%emt 00:00:06]} Qa5 {[%clk
01:31:20]} {[%emt 00:00:28]} 4. d4 {[%clk 01:31:50]} {[%emt 00:00:12]} c6
{[%clk 01:31:46]} {[%emt 00:00:04]} 5. Nf3 {[%clk 01:32:05]} {[%emt 00:00:14]}
Nf6 {[%clk 01:32:00]} {[%emt 00:00:16]} 6. Be2 {[%clk 01:31:07]} {[%emt
00:01:28]} Bf5 {[%clk 01:31:58]} {[%emt 00:00:32]} 7. O-O {[%clk 01:30:36]}
{[%emt 00:01:01]} Qc7 {[%clk 01:31:58]} {[%emt 00:00:27]} 8. Re1 {[%clk
01:29:32]} {[%emt 00:01:37]} Bg4 {[%clk 01:31:26]} {[%emt 00:01:03]} 9. Bg5
{[%clk 01:24:36]} {[%emt 00:05:25]} h6 {[%clk 01:31:10]} {[%emt 00:00:47]} 10.
Bxf6 {[%clk 01:21:08]} {[%emt 00:03:58]} gxf6 {[%clk 01:31:03]} {[%emt
00:00:37]} 11. d5 {[%clk 01:18:47]} {[%emt 00:02:52]} Bg7 {[%clk 01:17:49]}
{[%emt 00:13:42]} 12. Nd4 {[%clk 01:13:28]} {[%emt 00:05:50]} Bxe2 {[%clk
01:13:35]} {[%emt 00:04:44]} 13. Qxe2 {[%clk 01:13:52]} {[%emt 00:00:06]} Kf8
{[%clk 01:09:35]} {[%emt 00:04:30]} 14. Nf5 {[%clk 01:12:35]} {[%emt 00:01:47]}
Rh7 {[%clk 01:06:24]} {[%emt 00:03:37]} 15. d6 {[%clk 01:11:32]} {[%emt
00:01:37]} Qd7 {[%clk 01:06:26]} {[%emt 00:00:23]} 16. dxe7+ {[%clk 01:11:54]}
{[%emt 00:00:12]} Ke8 {[%clk 01:06:26]} {[%emt 00:00:27]} 17. Rad1 {[%clk
01:11:52]} {[%emt 00:00:35]} 1-0

[Event "DEM U12w 2025"]
[Site "Willingen GER"]
[Date "2025.06.10"]
[Round "4"]
[White "Guruprasad, Aditi"]
[Black "Kühn, Nicole"]
[Result "1-0"]
[Termination "normal"]
[Board "11"]
[WhiteElo "1495"]
[BlackElo "1596"]
[WhiteClock "00:43:10"]
[BlackClock "00:31:53"]
[PlyCount "115"]
[WhiteFideId "533043280"]
[BlackFideId "34610510"]
[EventCountry "GER"]
[EventRounds "9"]
[EventType "swiss"]
[EventDate "2025.06.07"]

1. d4 {[%clk 01:30:59]} d5 {[%clk 01:30:38]} {[%emt 00:00:22]} 2. Nf3 {[%clk
01:31:25]} {[%emt 00:00:04]} Nf6 {[%clk 01:30:17]} {[%emt 00:00:51]} 3. c4
{[%clk 01:31:49]} {[%emt 00:00:06]} e6 {[%clk 01:29:30]} {[%emt 00:01:18]} 4.
e3 {[%clk 01:32:12]} {[%emt 00:00:07]} Bb4+ {[%clk 01:28:18]} {[%emt 00:01:42]}
5. Bd2 {[%clk 01:31:45]} {[%emt 00:00:56]} Bxd2+ {[%clk 01:28:04]} {[%emt
00:00:45]} 6. Nbxd2 {[%clk 01:32:07]} {[%emt 00:00:07]} O-O {[%clk 01:27:06]}
{[%emt 00:01:28]} 7. Bd3 {[%clk 01:32:02]} {[%emt 00:00:35]} dxc4 {[%clk
01:25:20]} {[%emt 00:02:16]} 8. Nxc4 {[%clk 01:32:21]} {[%emt 00:00:10]} Nbd7
{[%clk 01:22:56]} {[%emt 00:02:55]} 9. O-O {[%clk 01:32:29]} {[%emt 00:00:22]}
a6 {[%clk 01:21:19]} {[%emt 00:02:07]} 10. Nce5 {[%clk 01:29:40]} {[%emt
00:03:19]} Qe7 {[%clk 01:13:58]} {[%emt 00:07:51]} 11. Rc1 {[%clk 01:27:04]}
{[%emt 00:03:06]} c5 {[%clk 01:10:16]} {[%emt 00:04:12]} 12. Nxd7 {[%clk
01:24:07]} {[%emt 00:03:27]} Nxd7 {[%clk 01:10:13]} {[%emt 00:00:33]} 13. dxc5
{[%clk 01:22:20]} {[%emt 00:02:17]} Nxc5 {[%clk 01:07:48]} {[%emt 00:02:56]}
14. Bxh7+ {[%clk 01:22:38]} {[%emt 00:00:11]} Kxh7 {[%clk 01:07:29]} {[%emt
00:00:49]} 15. Qc2+ {[%clk 01:23:01]} {[%emt 00:00:06]} Kg8 {[%clk 01:07:00]}
{[%emt 00:01:00]} 16. Qxc5 {[%clk 01:23:24]} {[%emt 00:00:06]} Qf6 {[%clk
01:05:42]} {[%emt 00:01:49]} 17. Qd4 {[%clk 01:22:06]} {[%emt 00:01:47]} Qxd4
{[%clk 01:05:15]} {[%emt 00:00:58]} 18. exd4 {[%clk 01:21:35]} {[%emt
00:01:00]} Rd8 {[%clk 01:04:10]} {[%emt 00:01:35]} 19. Rfd1 {[%clk 01:19:22]}
{[%emt 00:02:43]} b5 {[%clk 00:59:15]} {[%emt 00:05:26]} 20. Rc7 {[%clk
01:17:24]} {[%emt 00:02:28]} f6 {[%clk 00:57:55]} {[%emt 00:01:50]} 21. Rdc1
{[%clk 01:11:51]} {[%emt 00:06:04]} Rb8 {[%clk 00:48:48]} {[%emt 00:09:37]} 22.
Re7 {[%clk 01:12:05]} {[%emt 00:00:15]} Bd7 {[%clk 00:46:22]} {[%emt 00:02:57]}
23. Rc7 {[%clk 01:12:08]} {[%emt 00:00:26]} Rbc8 {[%clk 00:44:14]} {[%emt
00:02:38]} 24. Rexd7 {[%clk 01:10:36]} {[%emt 00:02:02]} Rxc7 {[%clk 00:43:24]}
{[%emt 00:01:20]} 25. Rxd8+ {[%clk 01:09:38]} {[%emt 00:01:28]} Kh7 {[%clk
00:43:24]} {[%emt 00:00:30]} 26. g3 {[%clk 01:08:46]} {[%emt 00:01:22]} Rc2
{[%clk 00:43:07]} {[%emt 00:00:46]} 27. Rd6 {[%clk 01:08:44]} {[%emt 00:00:31]}
Rxb2 {[%clk 00:41:05]} {[%emt 00:02:33]} 28. Rxa6 {[%clk 01:09:06]} {[%emt
00:00:09]} b4 {[%clk 00:40:26]} {[%emt 00:01:10]} 29. Kg2 {[%clk 01:06:09]}
{[%emt 00:03:26]} Kg6 {[%clk 00:39:51]} {[%emt 00:01:04]} 30. Ra4 {[%clk
01:00:12]} {[%emt 00:06:27]} Kf5 {[%clk 00:36:35]} {[%emt 00:03:47]} 31. Ra5+
{[%clk 00:55:43]} {[%emt 00:04:58]} Ke4 {[%clk 00:35:05]} {[%emt 00:02:00]} 32.
g4 {[%clk 00:48:54]} {[%emt 00:07:19]} Kd3 {[%clk 00:34:04]} {[%emt 00:01:31]}
33. g5 {[%clk 00:48:39]} {[%emt 00:00:46]} Kc2 {[%clk 00:34:04]} {[%emt
00:00:30]} 34. gxf6 {[%clk 00:47:55]} {[%emt 00:01:14]} gxf6 {[%clk 00:34:24]}
{[%emt 00:00:09]} 35. h4 {[%clk 00:47:45]} {[%emt 00:00:40]} Kb1 {[%clk
00:34:18]} {[%emt 00:00:36]} 36. h5 {[%clk 00:47:01]} {[%emt 00:01:14]} Rc2
{[%clk 00:33:49]} {[%emt 00:00:59]} 37. Rb5 {[%clk 00:43:01]} {[%emt 00:04:30]}
Kxa2 {[%clk 00:33:21]} {[%emt 00:00:59]} 38. Rxb4 {[%clk 00:43:21]} {[%emt
00:00:10]} Rc7 {[%clk 00:33:08]} {[%emt 00:00:43]} 39. Rb6 {[%clk 00:42:32]}
{[%emt 00:01:19]} Rh7 {[%clk 00:33:00]} {[%emt 00:00:37]} 40. Rxe6 {[%clk
00:42:35]} {[%emt 00:00:28]} f5 {[%clk 00:32:41]} {[%emt 00:00:49]} 41. h6
{[%clk 00:41:49]} {[%emt 00:01:16]} Kb3 {[%clk 00:32:51]} {[%emt 00:00:21]} 42.
d5 {[%clk 00:41:44]} {[%emt 00:00:34]} Kc4 {[%clk 00:32:39]} {[%emt 00:00:42]}
43. d6 {[%clk 00:42:06]} {[%emt 00:00:08]} Kd5 {[%clk 00:32:54]} {[%emt
00:00:15]} 44. Re7 {[%clk 00:42:00]} {[%emt 00:00:36]} Rxh6 {[%clk 00:32:19]}
{[%emt 00:01:04]} 45. d7 {[%clk 00:41:13]} {[%emt 00:01:17]} Rd6 {[%clk
00:30:44]} {[%emt 00:02:04]} 46. Ne5 {[%clk 00:41:08]} {[%emt 00:00:37]} Kc5
{[%clk 00:28:14]} {[%emt 00:03:00]} 47. Re8 {[%clk 00:41:16]} {[%emt 00:00:21]}
Kb6 {[%clk 00:28:07]} {[%emt 00:00:37]} 48. d8=Q+ {[%clk 00:41:33]} {[%emt
00:00:13]} Rxd8 {[%clk 00:28:29]} {[%emt 00:00:09]} 49. Rxd8 {[%clk 00:41:57]}
{[%emt 00:00:05]} Kc7 {[%clk 00:28:52]} {[%emt 00:00:07]} 50. Rd1 {[%clk
00:42:09]} {[%emt 00:00:18]} f4 {[%clk 00:29:15]} {[%emt 00:00:08]} 51. Kf3
{[%clk 00:42:01]} {[%emt 00:00:38]} Kc8 {[%clk 00:29:38]} {[%emt 00:00:07]} 52.
Rd7 {[%clk 00:42:12]} {[%emt 00:00:14]} Kb8 {[%clk 00:30:02]} {[%emt 00:00:11]}
53. Ke4 {[%clk 00:42:22]} {[%emt 00:00:19]} Kc8 {[%clk 00:30:26]} {[%emt
00:00:07]} 54. Kd5 {[%clk 00:42:44]} {[%emt 00:00:07]} Kb8 {[%clk 00:30:49]}
{[%emt 00:00:08]} 55. Kc6 {[%clk 00:42:38]} {[%emt 00:00:36]} f3 {[%clk
00:31:11]} {[%emt 00:00:08]} 56. Rh7 {[%clk 00:42:46]} {[%emt 00:00:21]} Ka8
{[%clk 00:31:30]} {[%emt 00:00:11]} 57. Kb6 {[%clk 00:43:10]} {[%emt 00:00:07]}
Kb8 {[%clk 00:31:53]} {[%emt 00:00:07]} 58. Rh8# {[%emt 00:00:03]} 1-0